[Event "YUG-ch"]
[Site "Kladovo"]
[Date "1991.??.??"]
[Round "10"]
[White "Brkovic, Zoran"]
[Black "Cvitan, Ognjen"]
[Result "1/2-1/2"]
[WhiteElo "2375"]
[BlackElo "2535"]
[PlyCount "55"]
[EventDate "1991.02.??"]
[EventType "swiss"]
[EventRounds "13"]
[EventCountry "YUG"]
[SourceTitle "TD"]
[Source "ChessBase"]
[SourceDate "1994.03.01"]
[SourceVersion "1"]
[SourceVersionDate "1994.03.01"]
[SourceQuality "1"]

1. e4 c5 2. Nf3 d6 3. Nc3 a6 4. d4 cxd4 5. Nxd4 e6 6. g3 Nf6 7. Bg2 Be7 8. 0-0 Qc7 9. a4 Nc6 10. Nb3 b6 11. f4 0-0 12. Be3 Bb7 13. g4 Rfe8 14. g5 Nd7 15. Qe2 Bf8 16. Rad1 Rac8 17. Qf2 g6 18. f5 Nc5 19. fxe6 fxe6 20. Bh3 Bg7 21. Bf4 Rcd8 22. Nxc5 bxc5 23. Rxd6 Qxd6 24. Bxd6 Bd4 25. Bxc5 Bxf2+ 26. Rxf2 Ne5 27. Bf1 Rd7 28. b4 1/2-1/2

[Event "YUG-ch"]
[Site "Kladovo"]
[Date "1991.??.??"]
[Round "3"]
[White "Brkovic, Zoran"]
[Black "Dizdarevic, Emir"]
[Result "1-0"]
[WhiteElo "2375"]
[BlackElo "2505"]
[PlyCount "125"]
[EventDate "1991.02.??"]
[EventType "swiss"]
[EventRounds "13"]
[EventCountry "YUG"]
[SourceTitle "TD"]
[Source "ChessBase"]
[SourceDate "1994.03.01"]
[SourceVersion "1"]
[SourceVersionDate "1994.03.01"]
[SourceQuality "1"]

1. e4 c5 2. Nf3 e6 3. d3 Nc6 4. g3 Nf6 5. Bg2 d6 6. 0-0 Be7 7. c3 Bd7 8. Nbd2 Rc8 9. Re1 0-0 10. a4 a6 11. Nc4 b5 12. axb5 axb5 13. Nxd6 Bxd6 14. e5 Be7 15. exf6 Bxf6 16. Be3 Ne7 17. d4 Nf5 18. dxc5 Nxe3 19. Rxe3 Rxc5 20. Rd3 Rc7 21. Nd2 Qe7 22. Ne4 Bc6 23. Nxf6+ Qxf6 24. Bxc6 Rxc6 25. Ra7 Rc5 26. Rf3 Rf5 27. Rxf5 Qxf5 28. Rb7 Ra8 29. Qf1 Qf3 30. Rxb5 Rd8 31. Re5 Rd2 32. Re3 Qd5 33. b4 h5 34. h4 Rd1 35. Re1 Rd3 36. Rc1 Qc4 37. b5 Qxb5 38. c4 Qb3 39. c5 Rd7 40. c6 Rc7 41. Qe2 Qb6 42. Qe4 g6 43. Qa4 Kh7 44. Qf4 Kg7 45. Qd6 Kh7 46. Rc5 Rc8 47. Rc4 Qc7 48. Qc5 Kg8 49. Kg2 Rd8 50. Qb5 Rb8 51. Qa6 Kh7 52. Qa1 Rb5 53. Qc3 Rb8 54. Qf6 Re8 55. Kh2 e5 56. Rb4 Qe7 57. Qxe7 Rxe7 58. Rb7 Re6 59. Rxf7+ Kh6 60. c7 Rc6 61. Kg2 Rc3 62. f4 e4 63. Kf2 1-0

[Event "YUG-ch"]
[Site "Kladovo"]
[Date "1991.??.??"]
[Round "5"]
[White "Brkovic, Zoran"]
[Black "Raicevic, Vladimir"]
[Result "1/2-1/2"]
[WhiteElo "2375"]
[BlackElo "2440"]
[PlyCount "90"]
[EventDate "1991.02.??"]
[EventType "swiss"]
[EventRounds "13"]
[EventCountry "YUG"]
[SourceTitle "TD"]
[Source "ChessBase"]
[SourceDate "1994.03.01"]
[SourceVersion "1"]
[SourceVersionDate "1994.03.01"]
[SourceQuality "1"]

1. e4 c5 2. Nf3 d6 3. Nc3 a6 4. g3 g6 5. Bg2 Bg7 6. d4 cxd4 7. Nxd4 Nf6 8. 0-0 0-0 9. h3 Nc6 10. Be3 Qc7 11. Nde2 b5 12. Nd5 Nxd5 13. exd5 Ne5 14. Bd4 Bb7 15. c3 Qc4 16. Nf4 a5 17. Re1 Qc7 18. Nd3 Rfe8 19. a4 Nxd3 20. Qxd3 Qc4 21. Qxc4 bxc4 22. Rad1 Ba6 23. Bf1 Rab8 24. Bxg7 Kxg7 25. Rd2 Rb7 26. f4 Reb8 27. Ree2 Kf6 28. Kf2 Rc7 29. g4 h6 30. Re4 Rb6 31. Kg3 Kg7 32. h4 Kf8 33. g5 h5 34. Bh3 Bc8 35. Bxc8 Rxc8 36. Kf3 Ke8 37. Ree2 Kd7 38. Re3 e6 39. Rde2 Re8 40. Re4 Rb7 41. Rd2 Rc7 42. Red4 Rc5 43. dxe6+ Rxe6 44. Rd5 Kc6 45. R5d4 Kd7 1/2-1/2

[Event "YUG-ch"]
[Site "Kladovo"]
[Date "1991.??.??"]
[Round "11"]
[White "Velimirovic, Dragoljub"]
[Black "Brkovic, Zoran"]
[Result "1-0"]
[WhiteElo "2520"]
[BlackElo "2375"]
[PlyCount "125"]
[EventDate "1991.02.??"]
[EventType "swiss"]
[EventRounds "13"]
[EventCountry "YUG"]
[SourceTitle "TD"]
[Source "ChessBase"]
[SourceDate "1994.03.01"]
[SourceVersion "1"]
[SourceVersionDate "1994.03.01"]
[SourceQuality "1"]

1. e4 e6 2. d4 d5 3. exd5 exd5 4. Nf3 Nf6 5. h3 c5 6. Nc3 Nc6 7. Bb5 Be7 8. dxc5 0-0 9. 0-0 Bxc5 10. Bg5 Be6 11. Qd2 Be7 12. Rad1 Rc8 13. Rfe1 a6 14. Bxc6 bxc6 15. Nd4 Bd7 16. Qd3 a5 17. Re2 h6 18. Bh4 Bb4 19. Nf5 Bxf5 20. Qxf5 Qd7 21. Qf3 Nh7 22. Na4 Rce8 23. c4 Rxe2 24. Qxe2 Qe6 25. Qxe6 fxe6 26. Bg3 Nf6 27. f3 Nd7 28. Bf2 Rf4 29. b3 Rf7 30. Kf1 Ne5 31. Bd4 Nd7 32. Be3 Ne5 33. Bd4 Nd7 34. Ke2 Re7 35. Be3 Nf6 36. g4 h5 37. Bd4 hxg4 38. hxg4 Rb7 39. Rc1 Nd7 40. Be3 Kf7 41. cxd5 cxd5 42. Rc6 Nb8 43. Rc8 Nd7 44. Nb2 e5 45. Nd3 d4 46. Bc1 Ra7 47. Rc6 Rb7 48. Bg5 Rb5 49. Bh4 Nf6 50. a4 Rd5 51. Nxb4 axb4 52. Kd3 Rd8 53. g5 Rh8 54. Rc7+ Kf8 55. gxf6 Rxh4 56. fxg7+ Kg8 57. a5 Rh6 58. Re7 Rf6 59. Rxe5 Rxf3+ 60. Kc4 Kxg7 61. Rd5 Kf6 62. Rxd4 Ke5 63. Rd1 1-0

[Event "YUG-Cup 33rd"]
[Site "Pula"]
[Date "1990.05.16"]
[Round "1"]
[White "Brkovic, Zoran"]
[Black "Paunovic, Dragan"]
[Result "1/2-1/2"]
[WhiteElo "2365"]
[BlackElo "2450"]
[PlyCount "70"]
[EventDate "1990.05.16"]
[EventType "team"]
[EventRounds "5"]
[EventCountry "YUG"]
[SourceTitle "TD"]
[Source "ChessBase"]
[SourceDate "1994.03.01"]
[SourceVersion "1"]
[SourceVersionDate "1994.03.01"]
[SourceQuality "1"]
[WhiteTeam "Pavlic"]
[BlackTeam "Belgrade Partizan"]
[WhiteTeamCountry "YUG"]
[BlackTeamCountry "YUG"]

1. e4 c5 2. Nf3 Nc6 3. d4 cxd4 4. Nxd4 e6 5. Nc3 Qc7 6. g3 a6 7. Bg2 Nf6 8. 0-0 Be7 9. a4 0-0 10. Nb3 b6 11. Nd5 exd5 12. exd5 Bb7 13. Bf4 Ne5 14. Bxe5 Qxe5 15. d6 Bxg2 16. dxe7 Bxf1 17. exf8Q+ Rxf8 18. Qxf1 Qxb2 19. Qxa6 Rb8 20. Qc4 Qe5 21. Qd4 Qxd4 22. Nxd4 Ra8 23. Nb5 Kf8 24. Nd6 Nd5 25. Ra3 g6 26. c4 Nc7 27. Ne4 Ne6 28. h4 h5 29. Kg2 Kg7 30. Nc3 Nc5 31. Ra1 Ra6 32. Ra3 Nd3 33. Nd1 Nc5 34. Nc3 Nd3 35. Nd1 Nc5 1/2-1/2

[Event "Pula tt2"]
[Site "Pula"]
[Date "1990.??.??"]
[Round "3"]
[White "Brkovic, Zoran"]
[Black "Brglez, Rado"]
[Result "1-0"]
[WhiteElo "2365"]
[BlackElo "2235"]
[PlyCount "65"]
[EventDate "1990.??.??"]
[EventType "team"]
[EventRounds "11"]
[EventCountry "YUG"]
[SourceTitle "EXT 2000"]
[Source "ChessBase"]
[SourceDate "1999.11.16"]
[SourceVersion "1"]
[SourceVersionDate "1999.11.16"]
[SourceQuality "1"]

1. e4 e5 2. Nf3 Nc6 3. Bc4 Bc5 4. c3 Nf6 5. d3 d6 6. Nbd2 0-0 7. 0-0 a6 8. Bb3 Kh8 9. h3 Qe7 10. Nc4 Be6 11. Ne3 Bxe3 12. Bxe3 Bxb3 13. Qxb3 b6 14. Bg5 Na5 15. Qa4 Qe8 16. Qc2 Ng8 17. b4 Nc6 18. d4 f6 19. Be3 Nge7 20. d5 Nd8 21. c4 f5 22. c5 bxc5 23. bxc5 Nf7 24. cxd6 cxd6 25. Rab1 Qd7 26. Rb4 Rab8 27. Rfb1 Rb5 28. a4 Rc8 29. Qxc8+ Nxc8 30. axb5 axb5 31. Rxb5 fxe4 32. Rb7 Qe8 33. Rb8 1-0

[Event "Banja Luka"]
[Site "Banja Luka"]
[Date "1987.??.??"]
[Round "4"]
[White "Brkovic, Zoran"]
[Black "Raicevic, Vladimir"]
[Result "1/2-1/2"]
[WhiteElo "2350"]
[BlackElo "2455"]
[PlyCount "99"]
[EventDate "1987.04.??"]
[EventType "tourn"]
[EventRounds "13"]
[EventCountry "YUG"]
[EventCategory "7"]
[SourceTitle "EXT 1997"]
[Source "ChessBase"]
[SourceDate "1996.11.15"]
[SourceVersion "1"]
[SourceVersionDate "1996.11.15"]
[SourceQuality "1"]

1. e4 e6 2. Qe2 b6 3. g3 Bb7 4. Bg2 d5 5. exd5 Bxd5 6. Nf3 Nf6 7. b3 Bd6 8. Bb2 0-0 9. Nc3 Bb7 10. 0-0 a6 11. d3 Qe7 12. Rad1 c5 13. Ne4 Nxe4 14. dxe4 Nc6 15. h4 e5 16. c3 a5 17. Rfe1 a4 18. Bc1 axb3 19. axb3 Na5 20. Qc2 b5 21. h5 Rfd8 22. Nh4 Qe6 23. Rd5 g6 24. hxg6 hxg6 25. Bg5 Be7 26. Bxe7 Qxe7 27. Rxd8+ Rxd8 28. Ra1 Nc6 29. Qc1 Kg7 30. Qe3 b4 31. cxb4 cxb4 32. Bf1 Nd4 33. Ra7 Rd7 34. Bc4 Qc5 35. Ra2 Ne6 36. Qxc5 Nxc5 37. f3 Rd1+ 38. Kf2 Rb1 39. Ra7 Kf6 40. Ng2 Rb2+ 41. Kg1 Rb1+ 42. Kf2 Rb2+ 43. Kf1 Nxb3 44. Bxb3 Rxb3 45. Rxb7 Rxf3+ 46. Ke2 Rxg3 47. Ne3 b3 48. Kf2 Rh3 49. Rxb3 Kg5 50. Rb4 1/2-1/2

[Event "Banja Luka"]
[Site "Banja Luka"]
[Date "1987.??.??"]
[Round "12"]
[White "Skembris, Spyridon"]
[Black "Brkovic, Zoran"]
[Result "1-0"]
[WhiteElo "2400"]
[BlackElo "2350"]
[PlyCount "84"]
[EventDate "1987.04.??"]
[EventType "tourn"]
[EventRounds "13"]
[EventCountry "YUG"]
[EventCategory "7"]
[SourceTitle "EXT 1997"]
[Source "ChessBase"]
[SourceDate "1996.11.15"]
[SourceVersion "1"]
[SourceVersionDate "1996.11.15"]
[SourceQuality "1"]

1. d4 Nf6 2. c4 g6 3. Nc3 Bg7 4. e4 d6 5. h3 0-0 6. Bg5 c5 7. d5 b5 8. cxb5 a6 9. Qd2 Re8 10. Bd3 Qb6 11. bxa6 Nxa6 12. Nge2 Nb4 13. Bc4 e6 14. dxe6 Bxe6 15. Bxe6 Rxe6 16. Bxf6 Bxf6 17. 0-0 Bg7 18. Rad1 c4 19. Nf4 Ree8 20. a3 Nc6 21. Nfd5 Qb7 22. Qe2 Ne5 23. Nb4 Nc6 24. Qxc4 Nxb4 25. axb4 Rac8 26. Qb3 Rb8 27. Nd5 Rxe4 28. Rfe1 Rbe8 29. Rxe4 Rxe4 30. Qf3 f5 31. Qb3 Kh8 32. b5 h5 33. b6 h4 34. Nc3 Re8 35. Qa4 Qe7 36. Nd5 Qe2 37. Nf4 Re4 38. Qa8+ Re8 39. Qd5 Qc2 40. Nxg6+ Kh7 41. Nxh4 Re5 42. Qxd6 Bf6 1-0

[Event "Tirnavia-B"]
[Site "Trnava"]
[Date "1985.03.29"]
[Round "13"]
[White "Brkovic, Zoran"]
[Black "Pekarek, Ales"]
[Result "0-1"]
[WhiteElo "2375"]
[BlackElo "2360"]
[PlyCount "102"]
[EventDate "1985.03.15"]
[EventType "tourn"]
[EventRounds "13"]
[EventCountry "CSR"]
[EventCategory "4"]
[SourceTitle "EXT 1998"]
[Source "ChessBase"]
[SourceDate "1997.11.17"]
[SourceVersion "1"]
[SourceVersionDate "1997.11.17"]
[SourceQuality "1"]

1. e4 c5 2. Nf3 d6 3. d4 cxd4 4. Nxd4 Nf6 5. Nc3 g6 6. Bc4 Bg7 7. Bb3 0-0 8. 0-0 Nc6 9. Nde2 b6 10. Bg5 Bb7 11. Nf4 Rc8 12. Nfd5 Nxd5 13. exd5 Ne5 14. Qe2 h6 15. Bh4 g5 16. Bg3 Rxc3 17. bxc3 Qc8 18. c4 Ba6 19. Bxe5 Bxe5 20. Rad1 Qc5 21. h4 Bf6 22. Rfe1 Kg7 23. Qd3 Rc8 24. Re4 Rc7 25. hxg5 hxg5 26. c3 Bc8 27. Rd4 Bxd4 28. cxd4 Qa3 29. Qg3 f6 30. f4 g4 31. Qd3 b5 32. cxb5 Qb2 33. Qe4 f5 34. Qe3 Qc3 35. Qf2 Bd7 36. Qe2 Be8 37. Kh2 Bf7 38. Rd3 Qc1 39. Qf2 Rc8 40. Rd1 Qc3 41. Kg1 g3 42. Qe2 Kf6 43. Qe1 Qxe1+ 44. Rxe1 Rc3 45. Rb1 Rd3 46. a4 Rxd4 47. a5 Rb4 48. Bc2 Rxb1+ 49. Bxb1 Bxd5 50. Bd3 e5 51. Be2 Ke7 0-1

[Event "Tirnavia-B"]
[Site "Trnava"]
[Date "1985.03.27"]
[Round "12"]
[White "Bany, Jerzy"]
[Black "Brkovic, Zoran"]
[Result "1-0"]
[WhiteElo "2435"]
[BlackElo "2375"]
[PlyCount "92"]
[EventDate "1985.03.15"]
[EventType "tourn"]
[EventRounds "13"]
[EventCountry "CSR"]
[EventCategory "4"]
[SourceTitle "EXT 1998"]
[Source "ChessBase"]
[SourceDate "1997.11.17"]
[SourceVersion "1"]
[SourceVersionDate "1997.11.17"]
[SourceQuality "1"]

1. Nf3 Nf6 2. c4 g6 3. g3 Bg7 4. Bg2 0-0 5. 0-0 d6 6. d4 c5 7. Nc3 Nc6 8. dxc5 dxc5 9. Bf4 Nh5 10. Bg5 h6 11. Be3 Nd4 12. Qd2 Kh7 13. Rad1 e5 14. Bxd4 exd4 15. e3 Be6 16. Nd5 Nf6 17. exd4 Nxd5 18. cxd5 Qxd5 19. b3 Rad8 20. Qc1 Rc8 21. Qa3 Qh5 22. Qxa7 Bd5 23. Rd3 c4 24. Re3 Ra8 25. Qc5 Rfd8 26. bxc4 Rac8 27. Qb6 Bxc4 28. Rfe1 Bxa2 29. Ne5 Be6 30. Bxb7 Rb8 31. Qc7 Rf8 32. d5 Bh3 33. d6 Rbd8 34. Bg2 Rc8 35. Qe7 Rfe8 36. Qh4 Rxe5 37. Bxh3 Rxe3 38. fxe3 Qa5 39. Rf1 Rd8 40. d7 f5 41. Qe7 h5 42. Rd1 Kh6 43. Bg2 Qa4 44. Rd6 Qa1+ 45. Bf1 Qa7 46. Qe6 Bf6 1-0

[Event "Tirnavia-B"]
[Site "Trnava"]
[Date "1985.03.25"]
[Round "10"]
[White "Drtina, Milan"]
[Black "Brkovic, Zoran"]
[Result "0-1"]
[WhiteElo "2200"]
[BlackElo "2375"]
[PlyCount "113"]
[EventDate "1985.03.15"]
[EventType "tourn"]
[EventRounds "13"]
[EventCountry "CSR"]
[EventCategory "4"]
[SourceTitle "EXT 1998"]
[Source "ChessBase"]
[SourceDate "1997.11.17"]
[SourceVersion "1"]
[SourceVersionDate "1997.11.17"]
[SourceQuality "1"]

1. e4 e6 2. d4 d5 3. Nd2 Nf6 4. e5 Nfd7 5. c3 c5 6. Bd3 Nc6 7. Ne2 cxd4 8. cxd4 f6 9. exf6 Nxf6 10. 0-0 Bd6 11. f4 0-0 12. Nf3 Qb6 13. Kh1 Bd7 14. Ne5 Be8 15. Bd2 Bh5 16. Bc3 Bxe5 17. dxe5 Ng4 18. Qe1 Nh6 19. Ng3 Bg6 20. Bxg6 hxg6 21. b3 Rad8 22. Bb2 Rd7 23. Rd1 a5 24. Ne4 Rdf7 25. Ng5 Rxf4 26. Rxf4 Rxf4 27. Nxe6 Ng4 28. Bd4 Nxd4 29. Nxf4 Nc2 30. Nxd5 Nf2+ 31. Kg1 Nh3+ 32. Kh1 Nxe1 33. Nxb6 Nf2+ 34. Kg1 Nxd1 35. Nc4 Nc3 36. Nxa5 b5 37. Kf2 Nc2 38. a4 bxa4 39. bxa4 Nxa4 40. Kf3 Nc5 41. Kf4 Nd4 42. Nc4 Nc6 43. Kg5 Kh7 44. Kf4 Kh6 45. g3 Kh5 46. h4 Ne6+ 47. Kf3 Nc5 48. Kf4 Nd7 49. Ke4 Kg4 50. Ne3+ Kxg3 51. h5 gxh5 52. Nf5+ Kg4 53. Nxg7 h4 54. Ke3 h3 55. Kf2 Ndxe5 56. Ne8 Nd3+ 57. Kf1 0-1

[Event "Tirnavia-B"]
[Site "Trnava"]
[Date "1985.03.21"]
[Round "7"]
[White "Brkovic, Zoran"]
[Black "Jankovec, Ivan"]
[Result "1-0"]
[WhiteElo "2375"]
[BlackElo "2335"]
[PlyCount "115"]
[EventDate "1985.03.15"]
[EventType "tourn"]
[EventRounds "13"]
[EventCountry "CSR"]
[EventCategory "4"]
[SourceTitle "EXT 1998"]
[Source "ChessBase"]
[SourceDate "1997.11.17"]
[SourceVersion "1"]
[SourceVersionDate "1997.11.17"]
[SourceQuality "1"]

1. e4 c5 2. Nf3 Nc6 3. Nc3 d6 4. d4 cxd4 5. Nxd4 Nf6 6. Be2 e6 7. 0-0 a6 8. Nxc6 bxc6 9. f4 Be7 10. Qe1 0-0 11. e5 Ne8 12. Be3 Rb8 13. b3 Qc7 14. Qg3 d5 15. Nd1 c5 16. Nf2 f5 17. c4 a5 18. cxd5 exd5 19. Nd3 Qa7 20. Rfc1 d4 21. Bf2 Nc7 22. Nb2 Be6 23. Bc4 Bxc4 24. Rxc4 Nd5 25. Na4 Nb6 26. Nxb6 Qxb6 27. Be1 Rfc8 28. Rac1 Ra8 29. Qf3 Qe6 30. h3 Kh8 31. Bd2 Qd7 32. Ra4 Bd8 33. Rxc5 Rxc5 34. Qxa8 Rc8 35. Qa6 h6 36. Kh2 Rc6 37. Qd3 Bb6 38. Bxa5 Bxa5 39. Rxa5 Rc3 40. e6 Qxe6 41. Qxf5 Qxf5 42. Rxf5 Rc2 43. Rd5 Rxa2 44. Rxd4 Rb2 45. Rd3 h5 46. Kg3 h4+ 47. Kxh4 Rxg2 48. Rg3 Rb2 49. Kg4 Kg8 50. Kf5 Kf7 51. Ke5 Re2+ 52. Kd4 Rf2 53. b4 Rxf4+ 54. Kc5 Kf6 55. b5 Rf1 56. b6 Rc1+ 57. Kb4 Rc8 58. Kb5 1-0

[Event "Tirnavia-B"]
[Site "Trnava"]
[Date "1985.03.18"]
[Round "4"]
[White "Priehoda, Vitezslav"]
[Black "Brkovic, Zoran"]
[Result "1-0"]
[WhiteElo "2265"]
[BlackElo "2375"]
[PlyCount "85"]
[EventDate "1985.03.15"]
[EventType "tourn"]
[EventRounds "13"]
[EventCountry "CSR"]
[EventCategory "4"]
[SourceTitle "EXT 1998"]
[Source "ChessBase"]
[SourceDate "1997.11.17"]
[SourceVersion "1"]
[SourceVersionDate "1997.11.17"]
[SourceQuality "1"]

1. d4 g6 2. c4 Bg7 3. Nc3 d6 4. e4 Nc6 5. Be3 e5 6. Nge2 f5 7. dxe5 Nxe5 8. exf5 Bxf5 9. Nd4 Ne7 10. Nd5 Nxd5 11. cxd5 0-0 12. Be2 Qh4 13. 0-0 Rae8 14. Ne6 Bxe6 15. dxe6 Kh8 16. Rc1 Qe7 17. Qb3 c5 18. Rfd1 Qxe6 19. Qxb7 Rb8 20. Qe4 Rxb2 21. Bc4 Qf6 22. Bb3 a5 23. h3 a4 24. Qxa4 c4 25. Bc2 Rbb8 26. Be4 Qh4 27. Bd5 Bh6 28. Bxh6 Qxh6 29. Qa3 Qf4 30. Rc2 g5 31. Qc3 Rb6 32. g3 Qf5 33. Kg2 Rf6 34. Re2 Rh6 35. h4 gxh4 36. Qe3 h3+ 37. Kh1 Rb1 38. Rxb1 Qxb1+ 39. Re1 Qd3 40. Qe4 Rf6 41. f4 Qxg3 42. Rg1 Qxf4 43. Rg8# 1-0